2018-2019 Liverpool F.C. Goalscorers - Statistics

General Stats
  • This quiz has been taken 123 times
  • The average score is 12 of 15
Answer Stats
Goals Player % Correct
27 Mohamed Salah
100%
26 Sadio Mané
99%
16 Roberto Firmino
98%
6 Virgil van Dijk
94%
Trent Alexander-Arnold
93%
Jordan Henderson
90%
7 Divock Origi
88%
5 Georginio Wijnaldum
85%
Joël Matip
83%
Fabinho
81%
7 James Milner
77%
Xherdan Shaqiri
66%
3 Naby Keita
62%
1 Dejan Lovren
58%
4 Daniel Sturridge
49%
No matching quizzes found
Score Distribution
Percent of People with Each Score
Percentile by Number Answered
Your Score History
You have not taken this quiz